• 首页
  • 本馆介绍
  • 公告通知
  • 最新文献
  • 馆藏检索
  • 电子资源
  • 读者导购
  • 参考咨询
  • 我的图书馆
  • 登录
  • 详细信息显示
  • 放入我的书架
  • 预约/预借图书
  • 作者相关作品
  • 分类相关作品
  • 丛书相关作品
  • 出版社相关作品

书目信息

  • 表格格式
  • 工作单格式
  • 卡片格式
题名:
机读目录文献著录图解
    
 
作者: 纪昭民 主编
分册:  
出版信息: 北京   华艺出版社  2001
页数: 291页
开本: 21cm
丛书名:
单 册:
中图分类: G254.364-64
科图分类:
主题词: 机器可读目录--编目规则--中国--图解 , CT--S035180--机器可读目录 , CT--S003733--编目规则
电子资源:
ISBN: 7-80142-333-X
000 00860nam0 2200253 45
001 012002011127
005 20070729160750.82
010    @a7-80142-333-X@dCNY29.80
035    @a(011001)c2002006980
100    @a20020204d2001 em y0chiy0110 ea
101 0  @achi
102    @aCN@b110000
105    @aa z 000yy
200 1  @a机读目录文献著录图解@9ji du mu lu wen xian zhu lu tu jie@f纪昭民主编
210    @a北京@c华艺出版社@d2001
215    @a291页@d21cm
330    @a本书收集了150多个例子,都是在实际工作中遇到的,在文献著录方面有一定特点的一些问题,并用图例的形式阐述对这些问题的看法及作法。
606 0  @a机器可读目录@x编目规则@y中国@j图解
606 0  @2CT@3S035180@a机器可读目录
606 0  @2CT@3S003733@a编目规则
690    @aG254.364-64@v4
701  0 @a纪昭民@9ji zhao min@4主编
801  0 @aCN@bTSSF@c20070729
905    @a10447@dG254.364-64@e114
    
    机读目录文献著录图解/纪昭民主编.-北京:华艺出版社,2001
    291页;21cm
    
    
    ISBN 7-80142-333-X:CNY29.80
    本书收集了150多个例子,都是在实际工作中遇到的,在文献著录方面有一定特点的一些问题,并用图例的形式阐述对这些问题的看法及作法。
●
相关链接 在E读中查询图书 在五车中查询图书 在当当中查询图书 在豆瓣中查询图书


正题名:机读目录文献著录图解     索取号:G254.364-64/114         预约/预借

序号 登录号 条形码 馆藏地/架位号 状态 备注
1 0784616   207846161   第一样本阅览室/ [索取号:G254.364-64/114] 在馆    
唐山师范学院图书馆 欢迎您!
大连网信软件有限公司© 版权所有